[Event "Martinez op-A"]
[Site "Cannes"]
[Date "2000.08.06"]
[Round "9"]
[White "Gandillet, Arnaud"]
[Black "Piot, Olivier"]
[Result "1/2-1/2"]
[WhiteElo "2018"]
[BlackElo "2322"]
[PlyCount "46"]
[EventDate "2000.07.29"]
[EventType "swiss"]
[EventRounds "9"]
[EventCountry "FRA"]
[SourceTitle "EXT 2001"]
[Source "ChessBase"]
[SourceDate "2000.11.22"]
[SourceVersion "1"]
[SourceVersionDate "2000.11.22"]
[SourceQuality "1"]

1. e4 d6 2. d4 Nf6 3. f3 e5 4. dxe5 dxe5 5. Qxd8+ Kxd8 6. Bc4 Be6 7. Bxe6 fxe6 8. Be3 c6 9. Nd2 Kc7 10. 0-0-0 Nbd7 11. Nh3 h6 12. Nf2 Be7 13. Nd3 b5 14. Nb3 a5 15. Nbc5 Bxc5 16. Nxc5 Nxc5 17. Bxc5 Rhd8 18. Rxd8 Rxd8 19. Rd1 Rxd1+ 20. Kxd1 g6 21. Ke2 Nd7 22. Be3 h5 23. Kf2 Kd8 1/2-1/2

[Event "Martinez op-A"]
[Site "Cannes"]
[Date "2000.08.05"]
[Round "8"]
[White "Moncamp, Gilles"]
[Black "Gandillet, Arnaud"]
[Result "1-0"]
[WhiteElo "2279"]
[BlackElo "2018"]
[PlyCount "63"]
[EventDate "2000.07.29"]
[EventType "swiss"]
[EventRounds "9"]
[EventCountry "FRA"]
[SourceTitle "EXT 2001"]
[Source "ChessBase"]
[SourceDate "2000.11.22"]
[SourceVersion "1"]
[SourceVersionDate "2000.11.22"]
[SourceQuality "1"]

1. e4 e5 2. Nf3 Nc6 3. Bc4 Nf6 4. d3 Bc5 5. Bg5 d6 6. c3 Be6 7. Nbd2 Qd7 8. 0-0 h6 9. Bxf6 gxf6 10. Bxe6 fxe6 11. b4 Bb6 12. Nc4 Nd8 13. a4 c6 14. Nxb6 axb6 15. Nh4 Qg7 16. f4 exf4 17. Rxf4 h5 18. Qf3 Rh6 19. d4 Nf7 20. d5 Ne5 21. Qh3 f5 22. dxe6 fxe4 23. Nf5 Qf8 24. Raf1 Rh7 25. Nd4 Qe7 26. Nf5 Qf8 27. e7 Qf6 28. Rxe4 Rxa4 29. Nxd6+ Qxd6 30. Qc8+ Kxe7 31. Qxb7+ Qd7 32. Rxe5+ 1-0

[Event "Martinez op-A"]
[Site "Cannes"]
[Date "2000.07.30"]
[Round "2"]
[White "Esprit, Yohann"]
[Black "Gandillet, Arnaud"]
[Result "0-1"]
[WhiteElo "2091"]
[BlackElo "2018"]
[PlyCount "120"]
[EventDate "2000.07.29"]
[EventType "swiss"]
[EventRounds "9"]
[EventCountry "FRA"]
[SourceTitle "EXT 2001"]
[Source "ChessBase"]
[SourceDate "2000.11.22"]
[SourceVersion "1"]
[SourceVersionDate "2000.11.22"]
[SourceQuality "1"]

1. d4 d5 2. Nf3 Nf6 3. c4 dxc4 4. Nc3 a6 5. a4 c5 6. e3 e6 7. Bxc4 Nc6 8. 0-0 Be7 9. dxc5 Qxd1 10. Rxd1 Bxc5 11. a5 Bb4 12. e4 Bxc3 13. bxc3 Nxe4 14. Ba3 Nxc3 15. Rd3 Nb5 16. Bc5 f6 17. Rad1 Kf7 18. Rd7+ Bxd7 19. Rxd7+ Ke8 20. Rxb7 Rd8 21. g3 Nd6 22. Rb6 Nxc4 23. Rxc6 Nxa5 24. Rxa6 Nb3 25. Rxe6+ Kd7 26. Re7+ Kc6 27. Be3 Rd7 28. Re6+ Kc7 29. h4 Ra8 30. h5 h6 31. Kg2 Ra4 32. Bb6+ Kb7 33. Be3 Rb4 34. Re8 Na5 35. Bf4 Nc6 36. Nh4 Rb5 37. g4 Rb4 38. Ng6 Ka6 39. Kg3 Rb3+ 40. Be3 Kb5 41. Nf8 Rd8 42. Rxd8 Nxd8 43. Kf4 Kc6 44. Kf5 Kd6 45. Kg6 Rb7 46. Kh7 Ke5 47. f3 Ne6 48. Ng6+ Kd6 49. Nh8 Rb3 50. Ba7 Rxf3 51. Ng6 Ra3 52. Bb6 Ra4 53. Nh4 Rxg4 54. Nf5+ Kd7 55. Be3 Ke8 56. Bd2 Kf8 57. Bc1 Rg1 58. Ba3+ Ke8 59. Nd6+ Kd7 60. Nf7 Nf4 0-1

[Event "Cannes op"]
[Site "Cannes"]
[Date "2000.02.22"]
[Round "3"]
[White "Gandillet, Arnaud"]
[Black "Gendre, Kostia"]
[Result "1-0"]
[WhiteElo "2057"]
[BlackElo "2176"]
[PlyCount "81"]
[EventDate "2000.02.20"]
[EventType "swiss"]
[EventRounds "9"]
[EventCountry "FRA"]
[SourceTitle "EXT 2001"]
[Source "ChessBase"]
[SourceDate "2000.11.22"]
[SourceVersion "1"]
[SourceVersionDate "2000.11.22"]
[SourceQuality "1"]

1. e4 e5 2. Nf3 Nf6 3. d4 Nxe4 4. Bd3 d5 5. Nxe5 Nc6 6. Nxc6 bxc6 7. Qe2 Qe7 8. 0-0 Nd6 9. Re1 Qxe2 10. Rxe2+ Be6 11. Bg5 Kd7 12. Nd2 f6 13. Bf4 Rb8 14. Nb3 Nf5 15. Rae1 Rxb3 16. Bxf5 Bxf5 17. axb3 c5 18. Ra1 g5 19. Be3 Bg4 20. f3 cxd4 21. Bxd4 Bf5 22. Bxf6 Bc5+ 23. Kf1 Rg8 24. Rd1 Kc6 25. Bd4 Bd6 26. g4 Bc8 27. Kg2 Ba6 28. Re3 Kb7 29. Be5 Bc5 30. Rc3 Bb6 31. Bd4 Ba5 32. Re3 Bb4 33. Bc3 Bc5 34. Re5 c6 35. Rde1 Kb6 36. b4 Bd6 37. Re8 Rxe8 38. Rxe8 Kb5 39. Bd2 Kc4 40. b3+ Kd4 41. Re6 1-0